000 00948cab a2200289 4500
001 ABS59676
008 090401t1998 xxu||||| |||| 00| 0 eng d
035 _a(Sirsi) u89872
041 _aeng
100 _aTaylor, P.
245 _aBeyond those millennium bugs
260 _c1998
350 _a0
490 _aD J Freeman Property Review
_v(25) November 1998, 1-3(2)
520 _aDiscusses the implications for the property industry of a failure of software as a result of transition to the year 2000. Highlights the range of systems that could be affected and the impact on landlords.
650 _aCOMMERCIAL LEASES
650 _aInsurance
_96249
650 _aLANDLORDS
650 _aMILLENNIUM BUG
650 _aRENT REVIEWS
650 _aSERVICE CHARGES
650 _aSTATUTORY OBLIGATIONS
650 _aYEAR 2000
690 _aMANAGEMENT-BUSINESS MANAGEMENT-INFORMATION MANAGEMENT
942 _n0
948 _c23/11/1998
999 _c56895
_d56895